<?xml version="1.0" encoding="UTF-8"?>
<record
    xmlns:xsi="http://www.w3.org/2001/XMLSchema-instance"
    xsi:schemaLocation="http://www.loc.gov/MARC21/slim http://www.loc.gov/standards/marcxml/schema/MARC21slim.xsd"
    xmlns="http://www.loc.gov/MARC21/slim">

  <leader>00974cam a2200265 a 4500</leader>
  <controlfield tag="005">20160928102600.0</controlfield>
  <controlfield tag="008">010415t2001    sp aco  r     0     spa d</controlfield>
  <datafield tag="020" ind1=" " ind2=" ">
    <subfield code="a">842396485X</subfield>
  </datafield>
  <datafield tag="040" ind1=" " ind2=" ">
    <subfield code="a">CO-BoPUJ</subfield>
    <subfield code="c">CO-BoIAVH</subfield>
  </datafield>
  <datafield tag="041" ind1="0" ind2=" ">
    <subfield code="a">spa</subfield>
  </datafield>
  <datafield tag="044" ind1=" " ind2=" ">
    <subfield code="a">ck</subfield>
  </datafield>
  <datafield tag="090" ind1=" " ind2=" ">
    <subfield code="a">RE-</subfield>
    <subfield code="b">00066</subfield>
  </datafield>
  <datafield tag="110" ind1="2" ind2=" ">
    <subfield code="a">Real Academia Colombiana de Ciencias Exactas, Fisicas y Naturales</subfield>
  </datafield>
  <datafield tag="245" ind1="1" ind2="0">
    <subfield code="a">Diccionario esencial de las ciencias : </subfield>
    <subfield code="b">Real Academia de Ciencias Exactas, Fisicas y Naturales / </subfield>
    <subfield code="c">pr&#xF3;logo Angel Marin Municio</subfield>
  </datafield>
  <datafield tag="260" ind1=" " ind2=" ">
    <subfield code="a">Madrid, Espa&#xF1;a : </subfield>
    <subfield code="b">Espasa,</subfield>
    <subfield code="c">2001.</subfield>
  </datafield>
  <datafield tag="300" ind1=" " ind2=" ">
    <subfield code="a">xxii, 1022 p&#xE1;ginas : </subfield>
    <subfield code="b">ilustraciones ; </subfield>
    <subfield code="c">25 x 19 cm.</subfield>
  </datafield>
  <datafield tag="500" ind1=" " ind2=" ">
    <subfield code="a">Incluye &#xED;ndices.</subfield>
  </datafield>
  <datafield tag="650" ind1="2" ind2="6">
    <subfield code="a">Ciencia</subfield>
    <subfield code="v">Diccionarios</subfield>
  </datafield>
  <datafield tag="650" ind1="2" ind2="6">
    <subfield code="a">Biolog&#xED;a</subfield>
    <subfield code="v">Diccionarios</subfield>
  </datafield>
  <datafield tag="650" ind1="2" ind2="6">
    <subfield code="a">Bot&#xE1;nica</subfield>
    <subfield code="v">Diccionarios</subfield>
  </datafield>
  <datafield tag="650" ind1="2" ind2="6">
    <subfield code="a">Geolog&#xED;a</subfield>
    <subfield code="v">Diccionarios</subfield>
  </datafield>
  <datafield tag="650" ind1="2" ind2="6">
    <subfield code="a">Bioqu&#xED;mica</subfield>
    <subfield code="v">Diccionarios</subfield>
  </datafield>
  <datafield tag="700" ind1="1" ind2=" ">
    <subfield code="a">Marin Municio, Angel</subfield>
    <subfield code="e">pr&#xF3;logo</subfield>
  </datafield>
  <datafield tag="942" ind1=" " ind2=" ">
    <subfield code="2">z</subfield>
    <subfield code="c">Referencia</subfield>
  </datafield>
  <datafield tag="999" ind1=" " ind2=" ">
    <subfield code="c">19054</subfield>
    <subfield code="d">19054</subfield>
  </datafield>
  <datafield tag="952" ind1=" " ind2=" ">
    <subfield code="0">0</subfield>
    <subfield code="1">0</subfield>
    <subfield code="2">z</subfield>
    <subfield code="4">0</subfield>
    <subfield code="7">0</subfield>
    <subfield code="8">REFERENCIA</subfield>
    <subfield code="a">Bogota</subfield>
    <subfield code="b">Bogota</subfield>
    <subfield code="d">2016-09-28</subfield>
    <subfield code="l">0</subfield>
    <subfield code="o">RE-00066</subfield>
    <subfield code="p">040727</subfield>
    <subfield code="r">2016-09-28 00:00:00</subfield>
    <subfield code="t">Ej. 1</subfield>
    <subfield code="w">2016-09-28</subfield>
    <subfield code="x">Donacion</subfield>
    <subfield code="y">Referencia</subfield>
  </datafield>
</record>
